00667nam a22002057a 450000500170000001000130001702000100003003500130004003700160005304000120006908200160008110000220009724500910011926000430021027000420025330000260029565000800032165000430040170000170044420170124110102.0 aA-583143 c00.00 aA-583143 bCen Lib/Ret aDPLbEN a954.11bWAK aWakhlu, Khem Lata aKidnapped :cby Khem Lata Wakhlu [and] O.N.Wakhlub45 days with militants in Kashmir / bKonark Publishers Pvt Ltdc1993aDelhi aA-149, Main Vikas MargbDelhie110092 aviii,235p. c16cm(Hb) aJammu and Kashmir (India) -- History -- Autonomy and independence movements aHostages -- India -- Jammu and Kashmir aWakhlu, O.N.